000 00973nam a2200253 i 4500
001 91777
003 ES-MaACL
005 20230906180818.0
007 t|
008 050214s2004 sp ||||1| spa d
020 _a84-95494-15-9
080 _a821.134.2-22"16"
100 1 _aMolina, Tirso de,
_d1579-1648
_9226522
245 1 3 _aEl mayor desengaño y quien no cae no se levanta
_b: (dos comedias hagiográficas) /
_cTirso de Molina ; edición crítica, estudio y notas de Lara Escudero Baztán.
260 _aMadrid :
_bRevista Estudios ;
_aPamplona :
_bGRISO,
_c2004.
300 _a513 p. ;
_c24 cm.
490 1 _aPublicación del Instituto de Estudios Tirsianos ;
_v17
504 _aBibliografía: p. [141]-170.
700 1 _aEscudero Baztán, Lara.
_947700
740 0 _aQuien no cae no se levanta.
830 0 _aPublicación del Instituto de Estudios Tirsianos ;
_v17
_9226523
852 _aES-MaACL
_jL-28823
_bR.135312
999 _c91777
_d91777